Statistics for Vexillology Vocabulary

Click here to take the quiz!

General Stats

  • This quiz has been taken 6 times
  • The average score is 11 of 24

Answer Stats

HintFirst
Letter
Answer% Correct
A cross symbol in a rectangular field, with the centre of the cross shifted towards the hoist, as found in the flags of, e.g., Norway and Denmark.N{Nordic} cross
83%
A triband flag with three vertical or horizontal stripes of three unique colors, e.g., the flag of France.TTricolor
83%
A coat of arms or simple heraldic symbol (e.g., as found on the flag of Portugal).BBadge
67%
A band of contrasting color around the perimeter of a flag, such as is found on the flags of the Republic of Maldives and the U.S. state of Wyoming.BBorder
67%
The flag of any ship or military unit, generally flown at the stern on ships.EEnsign
67%
A flag with two vertical or horizontal stripes that may be charged or not, e.g., the flag of Algeria.BBicolor
50%
A version of a national flag that is flown on non-government, non-military installations or craft.C{Civil} flag
50%
The background of a flag; the color behind the charges.FField
50%
The half or edge of a flag nearest to the flagpole. This term also sometimes refers to the vertical dimension of a flag.HHoist
50%
A flag that is wider at the hoist than at the fly.PPennant
50%
A heraldic symbol in the form of a diagonal cross.SSt. Andrew’s Cross
50%
A small flag or streamer carried on the lance of a knight, or a long, narrow flag flown from the masthead of a ship.BBanderole
33%
A band of color running diagonally from the upper hoist to the lower fly, e.g., the black band in the flag of Trinidad and Tobago.DBend {dexter}
33%
A band of color running diagonally from the lower hoist to the upper fly, e.g., the black band in the flag of Tanzania.SBend {sinister}
33%
Any quarter of a flag, but most commonly used to mean the upper hoist quarter, such as the field of stars in the flag of the United States or the Union Jack in the Australian Flag.CCanton
33%
A figure or symbol appearing in the field of a flag, e.g., the Sun of May on the flag of Argentina.CCharge
33%
A charge on a flag that takes the form of a band running horizontally across its center, e.g., the white band in the flag of Austria.FFess
33%
The half or edge of a flag farthest away from the flagpole. This term also sometimes refers to the horizontal length of a flag.FFly
33%
A flag flown from a short jackstaff at the bow of a ship.JJack
33%
A Y-shaped charge often placed horizontally on flags, with two arms extending from the hoist edge (or from near the hoist edge), and the third arm extending across the center to the fly edge. Example: the green horizontal Y-shape in the flag of South Africa.PPall
33%
A wedge-shaped charge, usually emerging from the hoist edge of a flag, e.g., the blue wedge in the flag of the Czech Republic.PPile
33%
A style in which the field is divided into four sections, e.g. the flag of Panama. The division may be horizontal and vertical or diagonal.QQuadrisection
33%
Flags used to communicate with ships, whereby a series of flags can spell out a message (with each flag representing a letter), an individual flag can have a standard meaning, or one or more flags can represent a code word.S{Signal} flags
33%
A style that consists of three vertical or horizontal stripes, which may be charged with an emblem on the middle stripe, and in which the two non-contiguous stripes may be of the same color, e.g., the flags of Armenia and Chad.TTriband
33%

Score Distribution

Percentile by Number Answered

Percent of People with Each Score

Your Score History

You have not taken this quiz